• 首页
  • 本馆介绍
  • 公告通知
  • 最新文献
  • 馆藏检索
  • 电子资源
  • 读者导购
  • 参考咨询
  • 我的图书馆
  • 登录
  • 详细信息显示
  • 放入我的书架
  • 预约/预借图书
  • 作者相关作品
  • 分类相关作品
  • 丛书相关作品
  • 出版社相关作品

书目信息

  • 表格格式
  • 工作单格式
  • 卡片格式
题名:
青少年新闻摄影培训教材(初级版)
    
 
作者: 张庆明 陆国钧 编
分册:  
出版信息: 南京   凤凰出版社  2009.07
页数: 209页
开本: 20cm
丛书名:
单 册:
中图分类: J419
科图分类:
主题词: 摄影技术--普及读物 , 摄影艺术--各种
电子资源:
ISBN: 7-80729-469-8
000 00691nam0 2200205 450
001 2358352863
005 20231216161657.53
010    @a7-80729-469-8@dCNY 87.00
100    @a20231216d2009 km y0chiy0120 ea
101 0  @achi
102    @aCN@b320000
200 1  @a青少年新闻摄影培训教材(初级版)@AQing Shao Nian Xin Wen She Ying Pei Xun Jiao Cai(Chu Ji Ban)@f张庆明 陆国钧编@FZhang Qing Ming Lu Guo Jun Bian
210    @a南京@c凤凰出版社@d2009.07
215    @a209页@d20cm
606 0  @a摄影技术@x普及读物
606 0  @a摄影艺术@x各种
690    @aJ419@v4
701  0 @a张庆明 陆国钧@AZhang Qing Ming Lu Guo Jun@4编
801  0 @aCN@b大连网信软件有限公司图书馆·11@c20231216
905    @aBZT@dJ419@e7
    
    青少年新闻摄影培训教材(初级版)/张庆明 陆国钧编.-南京:凤凰出版社,2009.07
    209页;20cm
    
    
    ISBN 7-80729-469-8:CNY 87.00
    
●
相关链接 在五车中查询图书 在当当中查询图书 在豆瓣中查询图书


正题名:青少年新闻摄影培训教材(初级版)     索取号:J419/7         预约/预借

序号 登录号 条形码 馆藏地/架位号 状态 备注
1 2001622343   2001622343   辽三/辽宁北配(第三批)/2585/ [索取号:J419/7] 在馆    
2 2001622344   2001622344   辽三/辽宁北配(第三批)/2585/ [索取号:J419/7] 在馆    
3 2001622345   2001622345   辽三/辽宁北配(第三批)/2585/ [索取号:J419/7] 在馆    
4 2001622346   2001622346   辽三/辽宁北配(第三批)/2585/ [索取号:J419/7] 在馆    
5 2001622347   2001622347   辽三/辽宁北配(第三批)/2585/ [索取号:J419/7] 在馆    
6 2001622348   2001622348   辽三/辽宁北配(第三批)/2585/ [索取号:J419/7] 在馆    
7 2001622349   2001622349   辽三/辽宁北配(第三批)/2585/ [索取号:J419/7] 在馆    
8 2001622350   2001622350   辽三/辽宁北配(第三批)/2585/ [索取号:J419/7] 在馆    
9 2001622351   2001622351   辽三/辽宁北配(第三批)/2585/ [索取号:J419/7] 在馆    
10 2001622352   2001622352   辽三/辽宁北配(第三批)/2585/ [索取号:J419/7] 在馆    
11 2001622353   2001622353   辽三/辽宁北配(第三批)/2585/ [索取号:J419/7] 在馆    
12 2001622354   2001622354   辽三/辽宁北配(第三批)/2585/ [索取号:J419/7] 在馆    
13 2001622355   2001622355   辽三/辽宁北配(第三批)/2585/ [索取号:J419/7] 在馆    
14 2001622356   2001622356   辽三/辽宁北配(第三批)/2585/ [索取号:J419/7] 在馆    
15 2001622467   2001622467   辽三/辽宁北配(第三批)/2587/ [索取号:J419/7] 在馆    
16 2001622468   2001622468   辽三/辽宁北配(第三批)/2587/ [索取号:J419/7] 在馆    
17 2001622469   2001622469   辽三/辽宁北配(第三批)/2587/ [索取号:J419/7] 在馆    
18 2001622470   2001622470   辽三/辽宁北配(第三批)/2587/ [索取号:J419/7] 在馆    
19 2001622471   2001622471   辽三/辽宁北配(第三批)/2587/ [索取号:J419/7] 在馆    
20 2001622472   2001622472   辽三/辽宁北配(第三批)/2587/ [索取号:J419/7] 在馆    
山东省滨州职业学院图书馆 欢迎您!
大连网信软件有限公司© 版权所有